| 000 | 00712nam a2200253Ia 4500 | ||
|---|---|---|---|
| 003 | OSt | ||
| 005 | 20221006142539.0 | ||
| 006 | a|||||r|||| 00| 0 | ||
| 007 | ta | ||
| 008 | 221006b |||||||| |||| 00| 0 eng d | ||
| 020 |
_a0316091944 _c210.00 |
||
| 024 | _a6,569 | ||
| 037 | _cTextual | ||
| 040 |
_aEASL _cEASL _beng |
||
| 041 |
_2eng _aeng |
||
| 082 | _aY:356.41.N8, M2 | ||
| 100 |
_aBernstein Richard _9647913 |
||
| 245 | 0 |
_aFrom the center of the earth _b The search for the truth about China |
|
| 260 |
_aBoston _bLittle, Brown and Co. _c1982 |
||
| 300 |
_a260p. _ccm. |
||
| 490 | _v CEL | ||
| 942 |
_hY:356.41.N8, M2 _cTEXL _2CC |
||
| 999 |
_c1074655 _d1074655 |
||